Statistics for Top 5 Songs On The Blueprint (JAY-Z)

Click here to take the quiz!

General Stats

  • This quiz has been taken 2 times
  • The average score is 2 of 5

Answer Stats

HintAnswer% Correct
46,317,454Heart Of The City (Ain't No Love)
100%
119,252,095Renegade
50%
22,943,743Girls, Girls, Girls
0%
63,187,476Izzo (H.O.V.A.)
0%
21,828,672Song Cry
0%

Score Distribution

Percentile by Number Answered

Percent of People with Each Score

Your Score History

You have not taken this quiz